Geometry Dash - Most Downloaded Levels by Letter - M - Statistics

General Stats
  • This quiz has been taken 16 times
    10 since last reset
  • The average score is 10 of 20
Answer Stats
Publisher Difficulty Answer Downloads % Correct
RadiationV2 Harder Magmatic Sanctuary 30,800,000
100%
Serponge Medium Demon MasterGame 6,200,000
100%
Tongii Medium Demon Mechanical Showdown 13,200,000
100%
OddMod Insane Demon MikuMikuMikuMiku 11,700,000
100%
Darwin Hard Mind Control 36,800,000
100%
TamaN Easy Demon Motion 8,700,000
100%
EternaswipVMAX Hard Demon Megalovania 7,400,000
50%
Dudex Easy Demon Mirror Force 6,400,000
50%
Experience D Easy Demon moon adventure 19,800,000
50%
Unzor Hard Moonlight 8,700,000
50%
FunnyGame Medium Demon Mountain King 6,100,000
50%
Sumsar Easy Moving Obstacles 11,900,000
50%
Vermillion Normal Mystery Dungeon 24,600,000
50%
nasgubb Insane The {Magma Caverns} 8,400,000
50%
GD Jose Harder Massacre 8,900,000
0%
ZenthicAlpha Easy Demon Mechanic Downforce 6,000,000
0%
abdula Harder MeowDash 6,100,000
0%
DreamerOwO Hard Minecraft 9,300,000
0%
Khalisha Auto Minecraft World 5,800,000
0%
ExtoPlasm Easy Demon Mr CrazyHands 5,800,000
0%
No matching quizzes found
Score Distribution
Percent of People with Each Score
Percentile by Number Answered
Your Score History
You have not taken this quiz since the last reset